[Event "SVK-chT1W 1112"]
[Site "Slovakia"]
[Date "2011.12.11"]
[Round "6.5"]
[White "Gorusa, Miroslav"]
[Black "Borosova, Zuzana"]
[Result "0-1"]
[WhiteElo "2213"]
[BlackElo "2284"]
[PlyCount "64"]
[EventDate "2011.10.15"]
[EventType "team-tourn"]
[EventRounds "11"]
[EventCountry "SVK"]
[SourceTitle "EXT 2013"]
[Source "ChessBase"]
[SourceDate "2012.11.22"]
[SourceVersion "1"]
[SourceVersionDate "2012.11.22"]
[SourceQuality "1"]
[WhiteTeam "Nitra"]
[BlackTeam "Komarno"]
[WhiteTeamCountry "SVK"]
[BlackTeamCountry "SVK"]

1. d4 c5 2. d5 Nf6 3. c4 b5 4. cxb5 a6 5. b6 d6 6. Nc3 Qxb6 7. e4 g6 8. Be2 Bg7 9. Nf3 Bg4 10. Nd2 Bxe2 11. Qxe2 Nbd7 12. a4 0-0 13. 0-0 Qc7 14. a5 Ne8 15. Nc4 Qb7 16. Bg5 f6 17. Bd2 Nc7 18. Na4 Nb5 19. Nab6 Nd4 20. Qd3 Rae8 21. Bc3 f5 22. f3 Ne5 23. Nxe5 Bxe5 24. g4 fxe4 25. fxe4 e6 26. Rxf8+ Rxf8 27. Rf1 exd5 28. exd5 Qe7 29. Nc4 Bxh2+ 30. Kxh2 Qh4+ 31. Kg2 Qxg4+ 32. Kh1 Nf3 0-1

[Event "SVK-chT1W 1112"]
[Site "Slovakia"]
[Date "2011.12.10"]
[Round "5.5"]
[White "Gorusa, Miroslav"]
[Black "Lakatos, Vladimir"]
[Result "1/2-1/2"]
[WhiteElo "2213"]
[BlackElo "2176"]
[PlyCount "84"]
[EventDate "2011.10.15"]
[EventType "team-tourn"]
[EventRounds "11"]
[EventCountry "SVK"]
[SourceTitle "EXT 2013"]
[Source "ChessBase"]
[SourceDate "2012.11.22"]
[SourceVersion "1"]
[SourceVersionDate "2012.11.22"]
[SourceQuality "1"]
[WhiteTeam "Nitra"]
[BlackTeam "Prievidza II"]
[WhiteTeamCountry "SVK"]
[BlackTeamCountry "SVK"]

1. d4 Nf6 2. c4 c5 3. d5 b5 4. cxb5 a6 5. b6 Qxb6 6. Nc3 d6 7. e4 g6 8. Be2 Bg7 9. Nf3 Nbd7 10. 0-0 0-0 11. Nd2 Bb7 12. a4 Qc7 13. a5 Rfd8 14. Nc4 Rab8 15. f4 Ne8 16. Qc2 e6 17. dxe6 fxe6 18. Bg4 Nf8 19. Nb6 Qe7 20. Bd2 Nf6 21. Bf3 N8d7 22. Nca4 Nxb6 23. Nxb6 Nd7 24. Nxd7 Rxd7 25. Bc3 Bc6 26. Rfd1 Bxc3 27. bxc3 Qf7 28. Bg4 d5 29. exd5 Rxd5 30. Re1 Rd6 31. g3 Qf6 32. Re5 c4 33. Qe2 Bd5 34. Re1 Kf7 35. Qe3 Rb2 36. Bf3 Bxf3 37. Qxf3 Rdd2 38. h4 Qe7 39. Qc6 Qa7+ 40. Rc5 Rg2+ 41. Kh1 Rh2+ 42. Kg1 Rhg2+ 1/2-1/2

[Event "SVK-chT2B 1112"]
[Site "Slovakia"]
[Date "2011.11.05"]
[Round "3.1"]
[White "Gorusa, Miroslav"]
[Black "Dobrotka, Martin"]
[Result "0-1"]
[WhiteElo "2213"]
[BlackElo "2259"]
[PlyCount "116"]
[EventDate "2011.10.08"]
[EventType "team-tourn"]
[EventRounds "11"]
[EventCountry "SVK"]
[SourceTitle "EXT 2013"]
[Source "ChessBase"]
[SourceDate "2012.11.22"]
[SourceVersion "1"]
[SourceVersionDate "2012.11.22"]
[SourceQuality "1"]
[WhiteTeam "Nitra NSK"]
[BlackTeam "Topolcianky SK"]
[WhiteTeamCountry "SVK"]
[BlackTeamCountry "SVK"]

1. d4 d6 2. c4 e5 3. dxe5 dxe5 4. Qxd8+ Kxd8 5. Nc3 Be6 6. b3 Nd7 7. Bb2 c6 8. 0-0-0 Kc7 9. g3 Ngf6 10. Bg2 a5 11. Nh3 Ng4 12. Rd2 f6 13. e3 Nc5 14. Kc2 a4 15. Ng1 Be7 16. h3 Nh6 17. Nge2 Nf7 18. Nc1 a3 19. Ba1 Rhd8 20. Rxd8 Rxd8 21. Rd1 Rxd1 22. Kxd1 h5 23. h4 g5 24. hxg5 fxg5 25. Ne4 Nd7 26. Nd3 h4 27. gxh4 gxh4 28. Bc3 Bf5 29. Bb4 Bxb4 30. Nxb4 h3 31. Bh1 Bxe4 32. Bxe4 Nd6 33. Bh1 Nc5 34. Ke1 Nde4 35. Kf1 Nc3 36. Kg1 Na6 37. Nc2 Nxa2 38. Nxa3 Nc5 39. Kh2 Nd3 40. Kg3 Nac1 41. b4 Nxb4 42. Kxh3 Nbd3 43. Kg3 Ne2+ 44. Kf3 Nc3 45. Kg3 Nd1 46. Bf3 N1xf2 47. Be2 Ne4+ 48. Kg4 Nc1 49. Bf3 Nd2 50. Bg2 Kd6 51. Kf5 Nd3 52. Be4 Nc5 53. Bg2 Nd3 54. Be4 Nf2 55. Bg2 Nd1 56. c5+ Kxc5 57. Kxe5 Nxe3 58. Bh1 Nec4+ 0-1

[Event "SVK-chT1W 1112"]
[Site "Slovakia"]
[Date "2011.10.16"]
[Round "2.4"]
[White "Gorusa, Miroslav"]
[Black "Lukac, Roman"]
[Result "1/2-1/2"]
[WhiteElo "2213"]
[BlackElo "2165"]
[PlyCount "46"]
[EventDate "2011.10.15"]
[EventType "team-tourn"]
[EventRounds "11"]
[EventCountry "SVK"]
[SourceTitle "EXT 2013"]
[Source "ChessBase"]
[SourceDate "2012.11.22"]
[SourceVersion "1"]
[SourceVersionDate "2012.11.22"]
[SourceQuality "1"]
[WhiteTeam "Nitra"]
[BlackTeam "Trnava Lokomotiva"]
[WhiteTeamCountry "SVK"]
[BlackTeamCountry "SVK"]

1. d4 Nf6 2. c4 c5 3. d5 e6 4. Nc3 d6 5. e4 g6 6. Be2 Bg7 7. Nf3 0-0 8. 0-0 Na6 9. h3 e5 10. Ne1 Nc7 11. f4 exf4 12. Bxf4 Nce8 13. Bg5 h6 14. Bh4 g5 15. Bg3 Nd7 16. Rc1 Ne5 17. Nf3 Qe7 18. Kh1 f5 19. exf5 Bxf5 20. Nxe5 Bxe5 21. Bxe5 Qxe5 22. Bd3 Ng7 23. Qc2 Rae8 1/2-1/2

[Event "SVK-chT2B 10/11"]
[Site "Slovakia"]
[Date "2011.02.06"]
[Round "7.5"]
[White "Gorusa, Miroslav"]
[Black "Polacik, Igor"]
[Result "1-0"]
[WhiteElo "2136"]
[BlackElo "2199"]
[PlyCount "83"]
[EventDate "2010.10.23"]
[EventType "team-tourn"]
[EventRounds "11"]
[EventCountry "SVK"]
[SourceTitle "EXT 2019"]
[Source "ChessBase"]
[SourceDate "2018.10.10"]
[SourceVersion "1"]
[SourceVersionDate "2018.10.10"]
[SourceQuality "1"]
[WhiteTeam "Nitra NSK II"]
[BlackTeam "Levice"]
[WhiteTeamCountry "SVK"]
[BlackTeamCountry "SLO"]

1. d4 Nf6 2. c4 c5 3. e3 g6 4. Nf3 Bg7 5. Be2 0-0 6. 0-0 cxd4 7. Nxd4 Nc6 8. Nc3 Nxd4 9. Qxd4 d6 10. Bd2 Be6 11. Rac1 a6 12. Rfd1 Rc8 13. Qh4 Re8 14. b3 Qc7 15. e4 Qc5 16. Be3 Qa5 17. Na4 Nd7 18. Bd2 Qc7 19. Nc3 Bf6 20. Qg3 Qc5 21. Kh1 Bg7 22. f4 Nf6 23. Be3 Qc7 24. Bf3 b5 25. cxb5 Qa5 26. Nd5 Bxd5 27. exd5 axb5 28. Qf2 b4 29. Rc6 Ra8 30. Rd2 Nd7 31. Bd4 Bxd4 32. Qxd4 Nc5 33. h4 f6 34. f5 Kg7 35. fxg6 hxg6 36. Re2 Nd7 37. h5 Ne5 38. Rxe5 dxe5 39. Qg4 g5 40. Qf5 Ra7 41. Be4 e6 42. Qh7+ 1-0

[Event "SVK-chT2B 10/11"]
[Site "Slovakia"]
[Date "2011.01.08"]
[Round "5.5"]
[White "Gorusa, Miroslav"]
[Black "Nagy, Attila2222"]
[Result "1-0"]
[WhiteElo "2136"]
[BlackElo "2164"]
[PlyCount "69"]
[EventDate "2010.10.23"]
[EventType "team-tourn"]
[EventRounds "11"]
[EventCountry "SVK"]
[SourceTitle "EXT 2019"]
[Source "ChessBase"]
[SourceDate "2018.10.10"]
[SourceVersion "1"]
[SourceVersionDate "2018.10.10"]
[SourceQuality "1"]
[WhiteTeam "Nitra NSK II"]
[BlackTeam "Sala Slovan Duslo"]
[WhiteTeamCountry "SVK"]
[BlackTeamCountry "SVK"]

1. d4 Nf6 2. c4 g6 3. Nc3 Bg7 4. e4 d6 5. Be2 0-0 6. Bg5 h6 7. Bh4 c5 8. d5 a6 9. Qd2 b5 10. cxb5 axb5 11. Bxb5 g5 12. Bg3 Nxe4 13. Nxe4 f5 14. Nc3 f4 15. Nge2 fxg3 16. Nxg3 Qa5 17. Bd3 Nd7 18. Nf5 Ne5 19. Nxe7+ Kh8 20. Be2 Ba6 21. Bxa6 Qxa6 22. 0-0-0 Qb7 23. Nc6 Nxc6 24. dxc6 Qxc6 25. f3 Be5 26. Kc2 Rfb8 27. h4 Rxa2 28. Rb1 Bf4 29. Qd3 Ra7 30. g3 Be5 31. hxg5 c4 32. Rxh6+ Kg8 33. Qd5+ Qxd5 34. Nxd5 Ra5 35. Ne7+ 1-0